000 00752nam a2200229 i 4500
001 184255
003 ES-MaACL
005 20231118190153.0
008 150601s2000 gw ao |||| |deng d
020 _a3-8228-6325-4
080 _a929:75 Turner, J. M. W.
100 1 _aBockemühl, Michael.
_9156933
245 1 0 _aJ. M. W. Turner
_b: 1751-1951 : the world of light and colour /
_cMichael Bockemühl.
246 3 4 _aTurner
260 _aKöln [Alemania] :
_bTaschen,
_c[2000]
300 _a96 p. :
_bil. col. y n., fot. ;
_c23 x 19 cm.
500 _aCronología: p. 94-95.
600 1 4 _aTurner, J. M. W.
_9111732
852 _aES-MaACL
_jA-13527
_9191240
_bR.150301
_cDEPO1
_dOlim: N-6527
942 _2udc
_cMONOGRAFIA
999 _c184255
_d184255